000 01214nam a22002657a 4500
005 20170124103215.0
010 _aA-227071
020 _c00.00
035 _aA-227071
037 _bCen Lib/Ret
040 _aDPL
_bHN
082 _a025.3
_bलालर
100 _aलाल, रज्जन
_998052
245 _aव्यावहारिक सूचीकरण विधि /
_cरज्जन लाल [और] नासिरा किदवई
246 _aVyavharik soochikaran vidhi /
_bby Rajjan Lal [aur] Nasira Kidwai
260 _aनयी दिल्ली
_bउप्पल पब्लिशिंग हाउस
_c1980
270 _a3, अंसारी रोड, दरियागंज
_bनयी दिल्ली
_e110002
300 _axvi,437पृ.
_c20सेमी(सजिल्द)
650 _aपुस्तकालय विज्ञान
_998053
650 _aपुस्तकालय -- सूचीकरण विधि
_944526
650 _aLibrary Science
_998054
650 _aLibrary - indexation method
_998055
700 _aकिदवई, नासिरा
_998056
942 _2ddc
_cHN
_h025.3
_mलालर
999 _c121451
_d121451